| 000 | 00443nam a2200157 a 4500 | ||
|---|---|---|---|
| 001 | 3043 | ||
| 003 | CDMR | ||
| 005 | 20130315135919.0 | ||
| 008 | 130130s1997||||||||||||||||||||||||||||d | ||
| 040 |
_aCDMR _bcat _cCPC LLEIDA |
||
| 100 | 1 |
_aIzquierdo, María Jesús _92230 |
|
| 245 | 1 | 0 |
_aPedagogia crítica _b: malestar i ocultació _cIZQUIERDO, Ma. Jesús |
| 260 |
_aZaragoza _c1997 _bUniversitat de Lleida |
||
| 490 | 0 | _aPensaments | |
| 942 |
_cMON _2udc |
||
| 999 |
_c3043 _d3043 |
||